Music Quiz

Random Music or Clickable Quiz

'Like' Song Titles Quiz Stats

Quiz Updated Jul 10, 2016

Also try: Clothing Songs
Challenge
Share
Tweet
Embed
Score 0/30 Timer 05:00
5 Plays Today
% Correct
You
95.9%
Stone
95.1%
Time
95.1%
This
94.7%
Spirit
94.5%
Egyptian
94.4%
Eagle
93.9%
Knife
93.9%
Wolf
93.7%
Woman
93.2%
Dying
92.6%
Thing
92.4%
Jagger
91.8%
Wind
91.8%
Glue
91.5%
% Correct
Baby
90.9%
That
89.8%
Dancing
88.5%
Lady
87.8%
Record
87.4%
Hurricane
86%
Prayer
85.7%
Song
84.5%
Surgeon
79.2%
Oxygen
79.1%
Bird
78.6%
Man
76.4%
Pill
62.9%
G6
62.4%
Rock
62%

You're not logged in!

Compare scores with friends on all Sporcle quizzes.
Sign Up with Email
OR
Log In

You Might Also Like...

Show Comments

Extras

Top Quizzes Today


Score Distribution

Your Account Isn't Verified!

In order to create a playlist on Sporcle, you need to verify the email address you used during registration. Go to your Sporcle Settings to finish the process.